=LDR 00000nam 2200000 4500 =001 INLIS000000000041581 =005 20130612151115 =008 ***********************************Ind** =035 ##$$0010-061300000041581 =041 ##$$a Ind =082 ##$$a 813 =090 ##$$a 813, Sur l =100 ##$$a Suryakusuma,Rina =245 ##$$a Lullaby, Rina Suryakusuma =260 ##$$a 2011 $b Jakarta =300 ##$$a 234 hlm., 21 cm =650 ##$$a Fiksi Indonesia =850 ##$$a NBPNMAT =990 ##$$a 0001/BPAP-NTB/2015